Images A-Z Ending with D - Statistics

General Stats
  • This quiz has been taken 112 times
  • The average score is 13 of 22
Answer Stats
Picture Answer % Correct
Iceland
83%
Emerald
81%
Gingerbread
80%
Road
77%
Playground
76%
Keyboard
73%
Wizard
72%
Mustard
66%
Vineyard
62%
Fjord
61%
Underground
61%
Award
60%
Chalkboard
60%
Orchard
58%
Thread
54%
Ladybird
49%
Hazard
47%
Nomad
42%
Yard
40%
Droid
39%
Springboard
26%
Bollard
13%
No matching quizzes found
Score Distribution
Percent of People with Each Score
Percentile by Number Answered
Your Score History
You have not taken this quiz